<?xml version="1.0" encoding="UTF-8"?><?xml-stylesheet type="text/xsl" href="static/style.xsl"?><OAI-PMH xmlns="http://www.openarchives.org/OAI/2.0/" xmlns:xsi="http://www.w3.org/2001/XMLSchema-instance" xsi:schemaLocation="http://www.openarchives.org/OAI/2.0/ http://www.openarchives.org/OAI/2.0/OAI-PMH.xsd"><responseDate>2026-04-14T02:45:22Z</responseDate><request verb="GetRecord" identifier="oai:www.recercat.cat:2445/118785" metadataPrefix="marc">https://recercat.cat/oai/request</request><GetRecord><record><header><identifier>oai:recercat.cat:2445/118785</identifier><datestamp>2025-12-05T12:58:00Z</datestamp><setSpec>com_2072_1057</setSpec><setSpec>col_2072_478854</setSpec><setSpec>col_2072_478917</setSpec></header><metadata><record xmlns="http://www.loc.gov/MARC21/slim" xmlns:dcterms="http://purl.org/dc/terms/" xmlns:xsi="http://www.w3.org/2001/XMLSchema-instance" xmlns:doc="http://www.lyncode.com/xoai" xsi:schemaLocation="http://www.loc.gov/MARC21/slim http://www.loc.gov/standards/marcxml/schema/MARC21slim.xsd">
   <leader>00925njm 22002777a 4500</leader>
   <datafield ind2=" " ind1=" " tag="042">
      <subfield code="a">dc</subfield>
   </datafield>
   <datafield ind2=" " ind1=" " tag="720">
      <subfield code="a">Fontcuberta i Famadas, Cristina, 1972-</subfield>
      <subfield code="e">author</subfield>
   </datafield>
   <datafield ind2=" " ind1=" " tag="260">
      <subfield code="c">2017-12-18T12:37:09Z</subfield>
   </datafield>
   <datafield ind2=" " ind1=" " tag="260">
      <subfield code="c">2018-07-31T22:01:45Z</subfield>
   </datafield>
   <datafield ind2=" " ind1=" " tag="260">
      <subfield code="c">2016-07</subfield>
   </datafield>
   <datafield ind2=" " ind1=" " tag="260">
      <subfield code="c">2017-12-18T12:37:09Z</subfield>
   </datafield>
   <datafield ind2=" " ind1=" " tag="520">
      <subfield code="a">La idea que l'art modern i contemporani beu de les imatges i els repertoris d'èpoques passades és una obvietat. Hieronymus Bosch i Joan Ponç són dos artistes llunyans temporalment però molt propers pel que fa a la producció artística. Bosch, conegut mundialment pels seus personatges escandalosos i les seves escenes irreverents, ha passat a ser considerat un dels genis de la història de l'art. En canvi, Joan Ponç, de qui ens separen no més de quaranta anys, és un dels principals artistes catalans de la segona meitat del segle XX. Les connexions entre els dos creadors són evidents quan es contraposen les seves obres: comparteixen una imaginació desbordant i una consciència torturada per la seva condició humana, i fan del seu propi interior  l'interior de l'home  la base per a la seva pintura, que els permet conferir d'aquesta manera el geni que comparteixen. La iconografia amb què treballen, els símbols i els temes són d'una coincidència eloqüent, i són sorprenents les connexions entre dos genis que van viure en societats i moments històrics tan diferents. L'univers bosquià i l'univers poncià es fonen i s'entrellacen. Es tracta d'esferes artístiques d'un mateix indret, fruit de dos creadors que van saber fer de l'interior personal i els conflictes de l'home la base per a la seva pintura.</subfield>
   </datafield>
   <datafield tag="653" ind2=" " ind1=" ">
      <subfield code="a">Història de l'art</subfield>
   </datafield>
   <datafield tag="653" ind2=" " ind1=" ">
      <subfield code="a">Teoria de l'art</subfield>
   </datafield>
   <datafield tag="653" ind2=" " ind1=" ">
      <subfield code="a">Estètica</subfield>
   </datafield>
   <datafield tag="653" ind2=" " ind1=" ">
      <subfield code="a">Surrealisme</subfield>
   </datafield>
   <datafield tag="653" ind2=" " ind1=" ">
      <subfield code="a">Art history</subfield>
   </datafield>
   <datafield tag="653" ind2=" " ind1=" ">
      <subfield code="a">Art theory</subfield>
   </datafield>
   <datafield tag="653" ind2=" " ind1=" ">
      <subfield code="a">Aesthetics</subfield>
   </datafield>
   <datafield tag="653" ind2=" " ind1=" ">
      <subfield code="a">Surrealism</subfield>
   </datafield>
   <datafield ind2="0" ind1="0" tag="245">
      <subfield code="a">Revisió de l'article 'DE BOSCH A JOAN PONÇ: IMAGINARI I GENIALITAT'</subfield>
   </datafield>
</record></metadata></record></GetRecord></OAI-PMH>